Poľovačka štetcom a perom

Bibliographic Details
Main Authors: Čičaj, Viliam, 1949- (Author), Teren, Štefan, 1912-2003 (Author), Rusina, Ivan, 1944- (Author), Molnár, Ladislav (Author)
Format: Article
Language:Slovak
Subjects:

MARC

LEADER 00000nab a2200000 a 4500
001 vtls000355159
003 SK-MaSNL
005 20260302230616.0
008 111201c1989 xo 0 slo
015 |a SNBRB19rr/mm-uuuuu 
035 |a CL0355281 
040 |a SNKBUCL  |b slo  |c SNKBUCL  |e AACR2 
041 0 |a slo 
044 |a xo  |c SK 
080 |a 75.04:639.1  |2 1981 
080 |a 639.1  |2 1981 
100 1 |a Čičaj, Viliam,  |d 1949-  |4 aut  |9 102753 
245 1 0 |a Poľovačka štetcom a perom  |c Viliam Čičaj 
650 0 7 |a maliarstvo  |2 snkbucl  |9 812 
650 0 7 |a poľovníctvo (tematika výtv.)  |2 snkbucl  |9 960452 
655 7 |a články z novín a časopisov  |2 snkbucl  |9 267496 
700 1 |a Teren, Štefan,  |d 1912-2003  |4 aut  |9 192795 
700 1 |a Rusina, Ivan,  |d 1944-  |4 aut  |9 89193 
700 1 |a Molnár, Ladislav  |4 aut  |9 292247 
773 0 |t Nové slovo  |g Roč. 31, č. 15 (1989), s. 21 
787 0 8 |i Rec.:  |a Teren, Štefan  |t Lov a zver vo výtvarnom prejave  |d Bratislava : Príroda, 1988 
850 |a Slovenská národná knižnica v Martine  |a MTA001 
852 |a SNK  |b KIS3GCP 
958 |a RK 
992 |a RBX 
999 |c 1534513  |d 1536443